{"text_format":"2","workbook":"xlsx","n_sheets":1,"sheets":["Sheet"],"not_rendered":{"charts":0,"images":0,"macros":0,"external_links":0,"defined_names":1,"comments":0,"pivot_tables":0},"unopened":[],"bounds":{"document_bytes":16777216,"sheet_cells":100000,"run_cost":"one","rows_first":2000,"rows_last":500,"rows_between":2000,"halvings":0,"cell_chars":16384,"cell_head_chars":4096},"cells_cut":0,"cells_raw":0,"read":"whole","date_system":"1900"}

{"sheet":"Sheet","index":0,"n_rows":89,"n_cols":16,"rows_kept":89,"cut":false,"hidden":false,"merged":[]}
["Partener","Punct de lucru","Nr.","Tip","Data","Data scadenta","Agent","Depozit","Cod articol","Denumire","Cantitate","UM","Pret","Valoare","Valoare TVA","Total"]
["ATLAS DIGITAL SA","Sediu social","INVDN38408","Factura cumparare UE","2023-04-06","2023-04-11","PAKAI ANDREI","","ROINTE2-5BK","ROLAND TE2 INK BK 500cc",6,"Buc",205,1230,233.7,1230]
["ATLAS DIGITAL SA","Sediu social","INVDN38408","Factura cumparare UE","2023-04-06","2023-04-11","PAKAI ANDREI","","ROINTE2-5CY","ROLAND TE2 INK CY 500cc",3,"Buc",205,615,116.85,615]
["ATLAS DIGITAL SA","Sediu social","INVDN38408","Factura cumparare UE","2023-04-06","2023-04-11","PAKAI ANDREI","","ROINESL4-4YE","ROLAND MAX2 ESL4-440 YE",2,"Buc",395,790,150.1,790]
["ATLAS DIGITAL SA","Sediu social","INVDN38408","Factura cumparare UE","2023-04-06","2023-04-11","PAKAI ANDREI","","1000004546","ROLAND ASSY,CAP-TOP 2 XC-540 (UV ink)",10,"Buc",136.5,1365,259.35000000000002,1365]
["ATLAS DIGITAL SA","Sediu social","INVDN38408","Factura cumparare UE","2023-04-06","2023-04-11","PAKAI ANDREI","","ROINESL4-4MG","ROLAND MAX2 ESL4-440 MG",2,"Buc",395,790,150.1,790]
["ATLAS DIGITAL SA","Sediu social","INVDN38408","Factura cumparare UE","2023-04-06","2023-04-11","PAKAI ANDREI","","6000005180","ROLAND ASSY,HEAD INKJET SV LEF2-300",6,"Buc",2565,15390,2924.1,15390]
["ATLAS DIGITAL SA","Sediu social","INVDN38408","Factura cumparare UE","2023-04-06","2023-04-11","PAKAI ANDREI","","1000012014","ROLAND FILTER,LED LAMP LEF-20 5PCS.",6,"Buc",224.25,1345.5,255.65,1345.5]
["ATLAS DIGITAL SA","Sediu social","INVDN38408","Factura cumparare UE","2023-04-06","2023-04-11","PAKAI ANDREI","","1000015036","ROLAND WIPER,HEAD FOR UV INK",10,"Buc",48.75,487.5,92.65,487.5]
["ATLAS DIGITAL SA","Sediu social","INVDN38408","Factura cumparare UE","2023-04-06","2023-04-11","PAKAI ANDREI","","1000011770","ROLAND FILTER(M),MIST CARRIAGE LEF-20",10,"Buc",13.95,139.5,26.5,139.5]
["ATLAS DIGITAL SA","Sediu social","INVDN38408","Factura cumparare UE","2023-04-06","2023-04-11","PAKAI ANDREI","","1000019978","ROLAND CLEANER,WIPER CG2113",3,"Buc",91,273,51.85,273]
["ATLAS DIGITAL SA","Sediu social","INVDN38408","Factura cumparare UE","2023-04-06","2023-04-11","PAKAI ANDREI","","ROINEUV5-WH","ROLAND EUV5 INK WH 220cc",2,"Buc",230,460,87.4,460]
["ATLAS DIGITAL SA","Sediu social","INVDN38408","Factura cumparare UE","2023-04-06","2023-04-11","PAKAI ANDREI","","6000004757","ROLAND HEAD REFRESHERVT-22 SV LEF-200",2,"Buc",510.25,1020.5,193.9,1020.5]
["ATLAS DIGITAL SA","Sediu social","INVDN38408","Factura cumparare UE","2023-04-06","2023-04-11","PAKAI ANDREI","","6000005882","ROLAND ASSY,PINCHROLL L CG2162_01",1,"Buc",432.25,432.25,82.15,432.25]
["ATLAS DIGITAL SA","Sediu social","INVDN38408","Factura cumparare UE","2023-04-06","2023-04-11","PAKAI ANDREI","","6000005883","ROLAND ASSY,PINCHROLL R CG2162_01",1,"Buc",432.25,432.25,82.15,432.25]
["ATLAS DIGITAL SA","Sediu social","INVDN38408","Factura cumparare UE","2023-04-06","2023-04-11","PAKAI ANDREI","","ROINEUV5S-UD-PR","ROLAND EUV5 DECAL PRIMER 220cc",1,"Buc",325,325,61.75,325]
["ATLAS DIGITAL SA","Sediu social","INVDN38408","Factura cumparare UE","2023-04-06","2023-04-11","PAKAI ANDREI","","ROINTE2-5YE","ROLAND TE2 INK YE 500cc",3,"Buc",205,615,116.85,615]
["ATLAS DIGITAL SA","Sediu social","INVDN38408","Factura cumparare UE","2023-04-06","2023-04-11","PAKAI ANDREI","","ROINTE2-5MG","ROLAND TE2 INK MG 500cc",8,"Buc",205,1640,311.60000000000002,1640]
["ATLAS DIGITAL SA","Sediu social","INVDN38408","Factura cumparare UE","2023-04-06","2023-04-11","PAKAI ANDREI","","ROCAXD-CH3","ROLAND XD-CH3",2,"Buc",240,480,91.2,480]
["ATLAS DIGITAL SA","Sediu social","INVDN38733","Factura cumparare UE","2023-04-25","2023-04-30","PAKAI ANDREI","","ROINTR2-CL2","ROLAND TR2 CLEANING LIQUID_2 500cc",6,"Buc",225,1350,256.5,1350]
["ATLAS DIGITAL SA","Sediu social","INVDN38733","Factura cumparare UE","2023-04-25","2023-04-30","PAKAI ANDREI","","ROINTE2-5BK","ROLAND TE2 INK BK 500cc",3,"Buc",205,615,116.85,615]
["ATLAS DIGITAL SA","Sediu social","INVDN38733","Factura cumparare UE","2023-04-25","2023-04-30","PAKAI ANDREI","","ROINTE2-5CY","ROLAND TE2 INK CY 500cc",2,"Buc",205,410,77.900000000000006,410]
["ATLAS DIGITAL SA","Sediu social","INVDN38733","Factura cumparare UE","2023-04-25","2023-04-30","PAKAI ANDREI","","ROINESL4-4YE","ROLAND MAX2 ESL4-440 YE",2,"Buc",395,790,150.1,790]
["ATLAS DIGITAL SA","Sediu social","INVDN38733","Factura cumparare UE","2023-04-25","2023-04-30","PAKAI ANDREI","","ROINEUV-PR","ROLAND EUV PR",2,"Buc",330,660,125.4,660]
["ATLAS DIGITAL SA","Sediu social","INVDN38733","Factura cumparare UE","2023-04-25","2023-04-30","PAKAI ANDREI","","1000006517","ROLAND WIPER,HEAD VS-640/XR-640",20,"Buc",78,1560,296.39999999999998,1560]
["ATLAS DIGITAL SA","Sediu social","INVDN38733","Factura cumparare UE","2023-04-25","2023-04-30","PAKAI ANDREI","","ROINTE2-7CY","ROLAND TE2 INK CY 750cc",2,"Buc",285,570,108.3,570]
["ATLAS DIGITAL SA","Sediu social","INVDN38733","Factura cumparare UE","2023-04-25","2023-04-30","PAKAI ANDREI","","ROINTE2-7MG","ROLAND TE2 INK MG 750cc",2,"Buc",285,570,108.3,570]
["ATLAS DIGITAL SA","Sediu social","INVDN38733","Factura cumparare UE","2023-04-25","2023-04-30","PAKAI ANDREI","","1000007062","ROLAND PAD,CUTTER GX-640",2,"Buc",110.5,221,42,221]
["ATLAS DIGITAL SA","Sediu social","INVDN38733","Factura cumparare UE","2023-04-25","2023-04-30","PAKAI ANDREI","","1000006736","ROLAND WIPER,HEAD FELT VS-640",10,"Buc",45.5,455,86.45,455]
["ATLAS DIGITAL SA","Sediu social","INVDN38733","Factura cumparare UE","2023-04-25","2023-04-30","PAKAI ANDREI","","ROINEUV5-5BK","ROLAND EUV5 INK BK 500cc",2,"Buc",450,900,171,900]
["ATLAS DIGITAL SA","Sediu social","INVDN38733","Factura cumparare UE","2023-04-25","2023-04-30","PAKAI ANDREI","","ROINEUV5-5GL","ROLAND EUV5 INK GL 500cc",1,"Buc",450,450,85.5,450]
["ATLAS DIGITAL SA","Sediu social","INVDN38733","Factura cumparare UE","2023-04-25","2023-04-30","PAKAI ANDREI","","ROINESL4-4MG","ROLAND MAX2 ESL4-440 MG",1,"Buc",395,395,75.05,395]
["ATLAS DIGITAL SA","Sediu social","INVDN38733","Factura cumparare UE","2023-04-25","2023-04-30","PAKAI ANDREI","","1000004546","ROLAND ASSY,CAP-TOP 2 XC-540 (UV ink)",6,"Buc",136.5,819,155.6,819]
["ATLAS DIGITAL SA","Sediu social","INVDN38733","Factura cumparare UE","2023-04-25","2023-04-30","PAKAI ANDREI","","ROCAZEC-U3075-SET","ROLAND CUTTING BLADE ZEC-U3075 32°/0.75, 5pcs",1,"Buc",594.75,594.75,113,594.75]
["ATLAS DIGITAL SA","Sediu social","INVDN38733","Factura cumparare UE","2023-04-25","2023-04-30","PAKAI ANDREI","","ROINTE2-7YE","ROLAND TE2 INK YE 750cc",5,"Buc",285,1425,270.75,1425]
["ATLAS DIGITAL SA","Sediu social","INVDN38733","Factura cumparare UE","2023-04-25","2023-04-30","PAKAI ANDREI","","ROINTE2-5CY","ROLAND TE2 INK CY 500cc",3,"Buc",205,615,116.85,615]
["ATLAS DIGITAL SA","Sediu social","INVDN38733","Factura cumparare UE","2023-04-25","2023-04-30","PAKAI ANDREI","","1000019978","ROLAND CLEANER,WIPER CG2113",3,"Buc",91,273,51.85,273]
["ATLAS DIGITAL SA","Sediu social","INVDN38733","Factura cumparare UE","2023-04-25","2023-04-30","PAKAI ANDREI","","ROINEUV4-GL","ROLAND EUV4 GL",3,"Buc",300,900,171,900]
["ATLAS DIGITAL SA","Sediu social","INVDN38733","Factura cumparare UE","2023-04-25","2023-04-30","PAKAI ANDREI","","ROINEUV4-MG","ROLAND EUV4 MG",5,"Buc",300,1500,285,1500]
["ATLAS DIGITAL SA","Sediu social","INVDN38733","Factura cumparare UE","2023-04-25","2023-04-30","PAKAI ANDREI","","6000005180","ROLAND ASSY,HEAD INKJET SV LEF2-300",2,"Buc",2565,5130,974.7,5130]
["ATLAS DIGITAL SA","Sediu social","INVDN38733","Factura cumparare UE","2023-04-25","2023-04-30","PAKAI ANDREI","","6000005213","ROLAND ASSY,HEAD INKJET SOL XC-540 SV2",2,"Buc",2255,4510,856.9,4510]
["ATLAS DIGITAL SA","Sediu social","INVDN38733","Factura cumparare UE","2023-04-25","2023-04-30","PAKAI ANDREI","","6701409200","ROLAND ASSY,CAP-TOP VS-640_01",10,"Buc",227.5,2275,432.25,2275]
["ATLAS DIGITAL SA","Sediu social","INVDN38733","Factura cumparare UE","2023-04-25","2023-04-30","PAKAI ANDREI","","ROINSBL3-CY","ROLAND TEXART INK 1L CY",2,"Buc",285,570,108.3,570]
["ATLAS DIGITAL SA","Sediu social","INVDN38733","Factura cumparare UE","2023-04-25","2023-04-30","PAKAI ANDREI","","ROINSBL3-MG","ROLAND TEXART INK 1L MG",1,"Buc",285,285,54.15,285]
["ATLAS DIGITAL SA","Sediu social","INVDN38733","Factura cumparare UE","2023-04-25","2023-04-30","PAKAI ANDREI","","ROINSBL3-YE","ROLAND TEXART INK 1L YE",1,"Buc",285,285,54.15,285]
["ATLAS DIGITAL SA","Sediu social","INVDN38733","Factura cumparare UE","2023-04-25","2023-04-30","PAKAI ANDREI","","ROINSBL3-BK","ROLAND TEXART INK 1L BK",1,"Buc",285,285,54.15,285]
["ATLAS DIGITAL SA","Sediu social","INVDN38733","Factura cumparare UE","2023-04-25","2023-04-30","PAKAI ANDREI","","ROINTE2-5MG","ROLAND TE2 INK MG 500cc",8,"Buc",205,1640,311.60000000000002,1640]
["ATLAS DIGITAL SA","Sediu social","INV0001922","Factura cumparare UE","2023-04-28","2023-05-03","PAKAI ANDREI","","ROOP-PNS-24","ROLAND STAND PNS-24",1,"Buc",655,655,124.45,655]
["ATLAS DIGITAL SA","Sediu social","INV0001922","Factura cumparare UE","2023-04-28","2023-05-03","PAKAI ANDREI","","ROEQ-BN20","ROLAND BN-20",1,"Buc",24500,24500,4655,24500]
["ATLAS DIGITAL SA","Sediu social","INV0001923","Factura cumparare UE","2023-04-28","2023-05-03","PAKAI ANDREI","","ROEQ-LEF2300","ROLAND LEF2-300 OBJECT PRINTER",1,"Buc",95000,95000,18050,95000]
["ATLAS DIGITAL SA","Sediu social","INV0001923","Factura cumparare UE","2023-04-28","2023-05-03","PAKAI ANDREI","","ROOP-SC2RD300","ROLAND ROTARY DEVICE SC2-RD-300",1,"Buc",4735,4735,899.65,4735]
["ATLAS DIGITAL SA","Sediu social","INV0001923","Factura cumparare UE","2023-04-28","2023-05-03","PAKAI ANDREI","","8305771565-1620","BOFA EXTR. PRINTPRO BASE LEF2-300",1,"Buc",16400,16400,3116,16400]
["BROTHER INT INDUSTRIEMASCHINEN GMBH","Sediu social","BR3140176436","Factura cumparare UE","2023-04-04","2023-04-09","PAKAI ANDREI","","N40001224","BROTHER PLATEN, SLEEVE VKF (10.2 x 40.6 cm)",1,"Buc",1123.49,1123.49,213.48,1123.49]
["BROTHER INT INDUSTRIEMASCHINEN GMBH","Sediu social","BR3140176436","Factura cumparare UE","2023-04-04","2023-04-09","PAKAI ANDREI","","ZMAXX2G220G1","ST MAXX2G DUAL PRESS 40x50",2,"Buc",6383.49,12766.98,2425.7399999999998,12766.98]
["BROTHER INT INDUSTRIEMASCHINEN GMBH","Sediu social","BR3140176436","Factura cumparare UE","2023-04-04","2023-04-09","PAKAI ANDREI","","BGT3610H3000012","BROTHER GT-361 PRINTER",2,"Buc",30060,60120,11422.8,60120]
["BROTHER INT INDUSTRIEMASCHINEN GMBH","Sediu social","BR3140176665","Factura cumparare UE","2023-04-13","2023-04-18","PAKAI ANDREI","","BGCX40W020K0032","BROTHER GTX INK 18L WHITE (GTX BULK)",1,"Buc",8565,8565,1627.35,8565]
["BROTHER INT INDUSTRIEMASCHINEN GMBH","Sediu social","BR3140176666","Factura cumparare UE","2023-04-13","2023-04-18","PAKAI ANDREI","","BGC3000W3811022","BROTHER GT-3 INK WHITE 380cc (2 pcs)",5,"Buc",1040,5200,988,5200]
["BROTHER INT INDUSTRIEMASCHINEN GMBH","Sediu social","BR3140176666","Factura cumparare UE","2023-04-13","2023-04-18","PAKAI ANDREI","","BGC3000C3811002","BROTHER GT-3 INK CYAN 380cc",4,"Buc",619.5,2478,470.8,2478]
["BROTHER INT INDUSTRIEMASCHINEN GMBH","Sediu social","BR3140176666","Factura cumparare UE","2023-04-13","2023-04-18","PAKAI ANDREI","","N40000224","BROTHER POLY PRETREAT 90-2357-001 (2L)",1,"Buc",236,236,44.85,236]
["BROTHER INT INDUSTRIEMASCHINEN GMBH","Sediu social","BR3140176666","Factura cumparare UE","2023-04-13","2023-04-18","PAKAI ANDREI","","SB5677701","BROTHER FULL MAINTENANCE KIT (GT3)",2,"Set",189,378,71.8,378]
["BROTHER INT INDUSTRIEMASCHINEN GMBH","Sediu social","BR3140176823","Factura cumparare UE","2023-04-19","2023-04-24","PAKAI ANDREI","","BGC3000W3811022","BROTHER GT-3 INK WHITE 380cc (2 pcs)",5,"Buc",1040,5200,988,5200]
["BROTHER INT INDUSTRIEMASCHINEN GMBH","Sediu social","BR3140176910","Factura cumparare UE","2023-04-24","2023-04-29","PAKAI ANDREI","","BGCX40P020K0032","BROTHER GTX PRE-TREATMENT 20Kg (17,5 Liter)",8,"Buc",2096,16768,3185.9,16768]
["BROTHER INT INDUSTRIEMASCHINEN GMBH","Sediu social","BR3140176910","Factura cumparare UE","2023-04-24","2023-04-29","PAKAI ANDREI","","BGCX40Y002K0152","BROTHER GTX INK 1.8L YELLOW",1,"Buc",1372.5,1372.5,260.8,1372.5]
["BROTHER INT INDUSTRIEMASCHINEN GMBH","Sediu social","BR3140176910","Factura cumparare UE","2023-04-24","2023-04-29","PAKAI ANDREI","","BGCX40K002K0152","BROTHER GTX INK 1.8L BLACK",1,"Buc",1372.5,1372.5,260.8,1372.5]
["BROTHER INT INDUSTRIEMASCHINEN GMBH","Sediu social","BR3140176910","Factura cumparare UE","2023-04-24","2023-04-29","PAKAI ANDREI","","BGC300AP2010002","BROTHER GT-3 PRE-TREATMENT 20Kg (16 Liter)",1,"Buc",2340,2340,444.6,2340]
["BROTHER INT INDUSTRIEMASCHINEN GMBH","Sediu social","BR3140176910","Factura cumparare UE","2023-04-24","2023-04-29","PAKAI ANDREI","","BGCX40W07000022","BROTHER GTX INK WHITE 700cc (2 pcs)",30,"Buc",1223.5999999999999,36708,6974.5,36708]
["BROTHER INT INDUSTRIEMASCHINEN GMBH","Sediu social","BR3140176989","Factura cumparare UE","2023-04-26","2023-05-01","PAKAI ANDREI","","BGCX40E005K0042","BROTHER GTX GCX-4E05 CLEANING SOL. 5L",4,"Buc",532.5,2130,404.7,2130]
["BROTHER INT INDUSTRIEMASCHINEN GMBH","Sediu social","BR3140177014","Factura cumparare UE","2023-04-26","2023-05-01","PAKAI ANDREI","","SCH-74900","SCH DTF PowDR MACHINE ZSCH803558G1",1,"Buc",42478.75,42478.75,8070.95,42478.75]
["BROTHER INT INDUSTRIEMASCHINEN GMBH","Sediu social","BR3140177014","Factura cumparare UE","2023-04-26","2023-05-01","PAKAI ANDREI","","ZSZ1923001R2R","BROTHER R2R ROLL FEEDING UNIT",1,"Buc",35080.5,35080.5,6665.3,35080.5]
["BROTHER INT INDUSTRIEMASCHINEN GMBH","Sediu social","BR3140177110","Factura cumparare UE","2023-04-26","2023-05-01","PAKAI ANDREI","","BGC3000C3811002","BROTHER GT-3 INK CYAN 380cc",2,"Buc",619.5,1239,235.4,1239]
["BROTHER INT INDUSTRIEMASCHINEN GMBH","Sediu social","BR3140177110","Factura cumparare UE","2023-04-26","2023-05-01","PAKAI ANDREI","","N40001878","BROTHER MAINTENANCE KIT 25K (PRO)",1,"Buc",1043,1043,198.15,1043]
["BROTHER INT INDUSTRIEMASCHINEN GMBH","Sediu social","BR3140177110","Factura cumparare UE","2023-04-26","2023-05-01","PAKAI ANDREI","","N40001700","BROTHER MAINTENANCE KIT 25k (GTX)",1,"Buc",945,945,179.55,945]
["BROTHER INT INDUSTRIEMASCHINEN GMBH","Sediu social","BR3140177110","Factura cumparare UE","2023-04-26","2023-05-01","PAKAI ANDREI","","N40001879","BROTHER MAINTENANCE KIT 25K (PRO BULK)",1,"Buc",1428,1428,271.3,1428]
["BROTHER INT INDUSTRIEMASCHINEN GMBH","Sediu social","BR3140177110","Factura cumparare UE","2023-04-26","2023-05-01","PAKAI ANDREI","","N40000895","BROTHER PLATEN, KIT COMPLETE T-LOCK",1,"Set",4196,4196,797.25,4196]
["BROTHER INT INDUSTRIEMASCHINEN GMBH","Sediu social","BR3140177110","Factura cumparare UE","2023-04-26","2023-05-01","PAKAI ANDREI","","BGCX40P020K0032","BROTHER GTX PRE-TREATMENT 20Kg (17,5 Liter)",20,"Buc",2096,41920,7964.8,41920]
["BROTHER INT INDUSTRIEMASCHINEN GMBH","Sediu social","BR3140177110","Factura cumparare UE","2023-04-26","2023-05-01","PAKAI ANDREI","","BGC3000M3811002","BROTHER GT-3 INK MAGENTA 380cc",3,"Buc",619.5,1858.5,353.1,1858.5]
["BROTHER INT INDUSTRIEMASCHINEN GMBH","Sediu social","BR3140177110","Factura cumparare UE","2023-04-26","2023-05-01","PAKAI ANDREI","","BGC3000K3810002","BROTHER GT-3 INK BLACK 380cc",3,"Buc",619.5,1858.5,353.1,1858.5]
["BROTHER INT INDUSTRIEMASCHINEN GMBH","Sediu social","BR3140177110","Factura cumparare UE","2023-04-26","2023-05-01","PAKAI ANDREI","","BGC300AP2010002","BROTHER GT-3 PRE-TREATMENT 20Kg (16 Liter)",2,"Buc",2340,4680,889.2,4680]
["BROTHER INT INDUSTRIEMASCHINEN GMBH","Sediu social","BR3140177110","Factura cumparare UE","2023-04-26","2023-05-01","PAKAI ANDREI","","BGCX40E005K0042","BROTHER GTX GCX-4E05 CLEANING SOL. 5L",4,"Buc",532.5,2130,404.7,2130]
["BROTHER INT INDUSTRIEMASCHINEN GMBH","Sediu social","BR3140177110","Factura cumparare UE","2023-04-26","2023-05-01","PAKAI ANDREI","","BGC3000Y3810002","BROTHER GT-3 INK YELLOW 380cc",2,"Buc",619.5,1239,235.4,1239]
["BROTHER INT INDUSTRIEMASCHINEN GMBH","Sediu social","BR3140177110","Factura cumparare UE","2023-04-26","2023-05-01","PAKAI ANDREI","","SB6673101","BROTHER WIPER CLEANER - 2pcs (GTX/PRO)",20,"Buc",63,1260,239.4,1260]
["BROTHER INT INDUSTRIEMASCHINEN GMBH","Sediu social","BR3140177110","Factura cumparare UE","2023-04-26","2023-05-01","PAKAI ANDREI","","SB7007001","BROTHER FAN FILTER SET (GTX)",20,"Buc",14,280,53.2,280]
["BROTHER INT INDUSTRIEMASCHINEN GMBH","Sediu social","BR3140177110","Factura cumparare UE","2023-04-26","2023-05-01","PAKAI ANDREI","","SB7006001","BROTHER FLUSHING FOAM SET (GTX)",6,"Buc",87.5,525,99.75,525]
["DRUCKTECH KFT","Sediu social","EXP-20230080","Factura cumparare UE","2023-04-26","2023-04-26","PAKAI ANDREI","","G2-067","DRUCKTECH SPRING W.ACC, HEAT PLATE PHP45-V2",4,"Buc",47.5,190,36.1,190]
["STAHLS EUROPE GMBH","Sediu social","ST0198469","Factura cumparare UE","2023-04-21","2023-04-21","PAKAI ANDREI","","STL-013651","ST HOTRONIX FUSION iQ 40x50",1,"Buc",9925,9925,1885.75,9925]
["STAHLS EUROPE GMBH","Sediu social","ST0198469","Factura cumparare UE","2023-04-21","2023-04-21","PAKAI ANDREI","","STL-125288","ST PROTECTION COVER for HEAT PLATEN",4,"Buc",225,900,171,900]
["STAHLS EUROPE GMBH","Sediu social","ST0198469","Factura cumparare UE","2023-04-21","2023-04-21","PAKAI ANDREI","","STL-N-2-1002-3","ST SP, HEAT PLATEN 40x50 (STX)",1,"Buc",1348.4,1348.4,256.2,1348.4]
["WALTER SCHULZE GMBH","Sediu social","RE23016052","Factura cumparare UE","2023-04-19","2023-04-19","PAKAI ANDREI","","SCH-75125","SCH DTF FILM PREMUIM, 0.4m x 100m ROLL",2,"Buc",451.5,903,171.55,903]
["WALTER SCHULZE GMBH","Sediu social","RE23016052","Factura cumparare UE","2023-04-19","2023-04-19","PAKAI ANDREI","","SCH-72224","SCH REPLACEMENT TEFLON for HEAT PLATEN (40x50)",2,"Buc",243.4,486.8,92.5,486.8]